| Tag |
First Indicator |
Second Indicator |
Subfields |
| LEADER |
00000cam a2200000 4500 |
| 001 |
in00000249682 |
| 005 |
20151010054251.0 |
| 008 |
720110s1969 mx b b 00000 spa |
| 010 |
|
|
|a 76458435
|
| 035 |
|
|
|a (OCoLC)00192852
|
| 035 |
|
|
|9 ABC7297AM
|
| 040 |
|
|
|c OUN
|d TXA
|d UtOrBLW
|
| 049 |
|
|
|a TXAM
|c [485199]
|
| 050 |
|
0 |
|a F1229
|b .G28
|
| 100 |
1 |
|
|a García Martínez, Bernardo.
|
| 245 |
1 |
3 |
|a El Marquesado del Valle ;
|b tres siglos de regimen senorial en Nueva Espana.
|
| 250 |
|
|
|a [1. ed.
|
| 264 |
|
1 |
|a Mexico] :
|b El Colegio de Mexico,
|c [1969]
|
| 300 |
|
|
|a xiv, 175 pages :
|b maps (part folded) ;
|c 22 cm.
|
| 336 |
|
|
|a text
|b txt
|2 rdacontent
|
| 337 |
|
|
|a unmediated
|b n
|2 rdamedia
|
| 338 |
|
|
|a volume
|b nc
|2 rdacarrier
|
| 490 |
1 |
|
|a Centro de Estudios Historicos. Nueva serie, 5
|
| 504 |
|
|
|a Bibliography: pages 169-175.
|
| 651 |
|
0 |
|a Valle de Oaxaca (New Spain)
|
| 830 |
|
0 |
|a Nueva serie (Colegio de México. Centro de Estudios Históricos) ;
|v 5.
|
| 999 |
|
|
|a MARS
|
| 999 |
f |
f |
|s e7d7c58e-2821-3ad0-8540-5020c3394f57
|i b0b55ee2-b845-3080-b2d2-c19ee1a868f1
|t 0
|
| 952 |
f |
f |
|p ric
|a Texas A&M University
|b Rellis Campus
|c Joint Library Facility
|d Remote Storage
|t 0
|e F1229 .G28
|h Library of Congress classification
|i unmediated -- volume
|m A14802339834
|
| 998 |
f |
f |
|a F1229 .G28
|t 0
|l Remote Storage
|